000 00312nam a2200121Ia 4500
008 220204s9999 xx 000 0 und d
082 _a82-34(545.2HAR)
_bFOL
100 _aIndu Roy Chaudhury
245 0 _aFolk tales of Haryana
260 _aNew Delhi
_bSterling
_c1978
700 _aVeena Srivastava
942 _cBK
999 _c32484
_d32484